Mountain West College Football Teams - Statistics

General Stats
  • This quiz has been taken 4 times
  • The average score is 9 of 10
Answer Stats
School % Correct
Nevada
100%
New Mexico
100%
North Dakota State
100%
UNLV
100%
UTEP
100%
Air Force
75%
Northern Illinois
75%
San José State
75%
Wyoming
75%
Hawaii
50%
No matching quizzes found
Score Distribution
Percent of People with Each Score
Percentile by Number Answered
Your Score History
You have not taken this quiz